Library Logo

Pioneer International University Library Catalogue

GETTING THROUGH THE GOING-THROUHG STAGE/ (Record no. 9797)

MARC details
000 -LEADER
fixed length control field 00454nam a22001577a 4500
003 - CONTROL NUMBER IDENTIFIER
control field OSt
005 - DATE AND TIME OF LATEST TRANSACTION
control field 20251113130622.0
008 - FIXED-LENGTH DATA ELEMENTS--GENERAL INFORMATION
fixed length control field 251113b |||||||| |||| 00| 0 eng d
020 ## - INTERNATIONAL STANDARD BOOK NUMBER
International Standard Book Number 0840754450
040 ## - CATALOGING SOURCE
Transcribing agency THOMAS NELSON PUBLISHERS
050 ## - LIBRARY OF CONGRESS CALL NUMBER
Classification number BV 4905 .S31 1986
Item number .S31 1986
245 ## - TITLE STATEMENT
Title GETTING THROUGH THE GOING-THROUHG STAGE/
Statement of responsibility, etc. SCHULLER,A ROBERT
250 ## - EDITION STATEMENT
Edition statement 1ST EDITION
260 ## - PUBLICATION, DISTRIBUTION, ETC.
Place of publication, distribution, etc. NEWYORK:
Name of publisher, distributor, etc. THOMAS NELSON PUBLISHERS,
Date of publication, distribution, etc. 1986
942 ## - ADDED ENTRY ELEMENTS (KOHA)
Source of classification or shelving scheme Library of Congress Classification
Koha item type Books
Suppress in OPAC No
Holdings
Withdrawn status Lost status Source of classification or shelving scheme Damaged status Not for loan Home library Current library Date acquired Total checkouts Barcode Date last seen Price effective from Koha item type
    Library of Congress Classification     PIU Library PIU Library 11/13/2025   PIUDL778 11/13/2025 11/13/2025 Books